| 000 | 00751nam a22001697a 4500 | ||
|---|---|---|---|
| 005 | 20120628133011.0 | ||
| 020 |
_a9788176672573 _c300.00 |
||
| 082 | _a827 | ||
| 100 |
_aबेदी, गुरमीत _949650 |
||
| 245 |
_aख़बरदार जो व्यंग्य लिखा/ _cगुरमीत बेदी |
||
| 260 |
_aदिल्ली _bभावना प्रकाशन _c2011 |
||
| 270 |
_a109-ए, पटपड़गंज _bदिल्ली _e110091 _k22756734 |
||
| 300 |
_a192 पृ. _c22 सें.मी. (सजिल्द) |
||
| 942 |
_2ddc _cHN _h827 _mबेदीगु |
||
| 999 |
_c68234 _d68234 |
||